000 00871nam a2200253Ia 4500
003 OSt
005 20220923220111.0
006 a|||||r|||| 00| 0
007 ta
008 220922b |||||||| |||| 00| 0 hin d
024 _a184,283
037 _cTextual
040 _aARTS
_cARTS
_bhin
041 _2hin
_ahin
082 _aO152,2:gN5, L9
100 _aसिद्धनाथ कुमार
245 0 _aहिन्दी पद्यनाटक सिद्धान्त और इतिहास
246 _aHindī padyanāṭak siddhānta aur itihāsa
260 _aरॉची
_b आलोक प्रकाशन
_c1979
300 _a132 पृ.
_ccm.
650 _aहिन्दी साहित्य
_9156264
942 _hO152,2:gN5, L9
_cTEXL
_2CC
999 _c337567
_d337567